NLSUI OPAC header image

Company law (Record no. 37647)

MARC details
000 -LEADER
fixed length control field 01586nam a2200229Ia 4500
003 - CONTROL NUMBER IDENTIFIER
control field OSt
005 - DATE AND TIME OF LATEST TRANSACTION
control field 20210412154328.0
008 - FIXED-LENGTH DATA ELEMENTS--GENERAL INFORMATION
fixed length control field 160316s2005 xxu||||| |||| 00| 0 eng d
020 ## - INTERNATIONAL STANDARD BOOK NUMBER
International Standard Book Number 9781405811606
040 ## - CATALOGING SOURCE
Transcribing agency NLS
082 ## - DEWEY DECIMAL CLASSIFICATION NUMBER
Classification number 346.066 SMI
Item number SMI
100 ## - MAIN ENTRY--PERSONAL NAME
Personal name Smith Kenneth
245 ## - TITLE STATEMENT
Title Company law
250 ## - EDITION STATEMENT
Edition statement 13th
260 ## - PUBLICATION, DISTRIBUTION, ETC.
Place of publication, distribution, etc. New York
Name of publisher, distributor, etc. Pearson Education
Date of publication, distribution, etc. 2005
300 ## - PHYSICAL DESCRIPTION
Extent 619p
Dimensions xxiv
365 ## - TRADE PRICE
Price amount Gratis
505 ## - FORMATTED CONTENTS NOTE
Formatted contents note CONTENTS<br/>1.THE NATURE OF COMPANY;<br/>2.PROMOSTION AND INCORPORATION;<br/>3.THE CONSTITUTION OF THE COMPANY-THE MEMEORANDAM OF ASSOCIATION;<br/>4.THE CONSTITUTION OF THE COMPANY THE ARTICALES OF ASSOCIATION;<br/>5.THE COMPANY AND ITS CONTRACTS<br/>6.THE CAPITAL OF A COMPANY<br/>7.`CAPITAL MAINTENANCE GENERALLY<br/>8.CAPITAL MAINTENANCE –COMPANYDISTRIBUTION<br/>9.COMPANY FLOTATION<br/>10.SHRES—GENERALLY<br/>11.SHARES-TRANSFER AND TRANSMISSION<br/>12.SHARES-PAYMENT FOR ANDINSIDERDEALING<br/>13.MEMBERSHIP-CAPACITY,REGISTRATION SUBSTANTAIL AND NIMINEE HOLDING ANNUALRETURN<br/>14.MINIRITY PROTECTION<br/>15.DIRECTORS AND MANAGEMENT – GENERALLY<br/>16.FINANCIAL ARRANGMENTS WITHAND FAIR DEALIG BY DIRECTORS<br/>17.FINANCIAL ARRANGEMENTS WITH AND FAIR DEALING BY DOCTORS<br/>18.VACATION OF FFICE DISQUALIFICATION AND PERSONAL LIABILITY:<br/>19.MEETINGS AND RESOLUTION<br/>20.DEBENTURES AND CHARGES<br/>21.ACCOUNTS AND AUDIT<br/>22.AMALGAMATIONS RECONSTRUCTIONS AND TKEOVERS<br/>23CORPORATE INSOLVENCY-COMPANY RESCUE<br/>24.CORPORATE IN SOLVANCY-PROCEDURES OTHER THAN RESCUE<br/>25.CORPORATE INSOLVENCY – WINDING-UP IN CONTEXT.<br/><br/>
650 ## - SUBJECT ADDED ENTRY--TOPICAL TERM
Topical term or geographic name entry element 1.Company Law
700 ## - ADDED ENTRY--PERSONAL NAME
Personal name Keenan Denis
--
942 ## - ADDED ENTRY ELEMENTS (KOHA)
Source of classification or shelving scheme Dewey Decimal Classification
Koha item type BOOKs
Holdings
Withdrawn status Lost status Damaged status Not for loan Home library Current library Shelving location Date acquired Total Checkouts Full call number Barcode Date last seen Price effective from Koha item type
        NLS NLS Library Compactors 30/05/2017   346.066 SMI 31722 30/05/2017 30/05/2017 BOOKs